| 000 | nam a22 a 4500 | ||
|---|---|---|---|
| 999 |
_c2203 _d2203 |
||
| 005 | 20170515153618.0 | ||
| 008 | 170515s1988 my ||||| |||| 00| 0 may d | ||
| 040 | _aAKMAL | ||
| 082 | _a354.59504 JPM | ||
| 090 |
_a354.59504 _bJPM |
||
| 110 | 1 |
_aMalaysia _bJabatan Perdana Menteri _93179 |
|
| 245 | 1 | 0 | _aPeraturan tetap unit pencegah penyeludupan (UPP) Bil. 1. |
| 260 |
_a(Kuala Lumpur; _bJabatan Perdana Menteri, _c1988 ) |
||
| 300 |
_aiii,31ms. _c25cm |
||
| 650 | 1 | 0 |
_aAdministrative agencies _xRules and practice _zMalaysia _9427 |
| 650 | 2 | 0 |
_aSmuggling _zMalaysia _93925 |
| 942 |
_2ddc _cBOOK |
||
| 950 | _lAKMAL | ||